| 000 | 00753nam a2200205 4500 | ||
|---|---|---|---|
| 008 | 070911s2006 cc 000 0 chi | ||
| 020 | _a7210033602 :gift : Ding Shi En | ||
| 090 |
_aBT1103 _bM14d _b2006 _bc.6 |
||
| 100 | 1 | _aMcDowell, Josh. | |
| 245 | 1 | 0 |
_aThe Da Vinci code : _ba quest for answers / _cJosh McDowell. |
| 260 |
_aNan Chang, China: _bJiang Si Ren Ming Publisher, _c2006. |
||
| 300 |
_a114 p. : _bpaperback, 6 copies |
||
| 600 | 1 | 4 |
_aBrown, Dan _d1964- _yDa Vinci Code {ch}. |
| 600 | 1 | 4 | _aChi, Kuei Ping, trans. |
| 600 | 1 | 4 | _aJesus Christ in literature {ch}. |
| 610 | 2 | 4 | _aApologetics {ch} |
| 650 | 4 | _aChristianity in literature {ch}. | |
| 951 |
_pC-8622 _x00035297 _oCHBT1103/M14d/2006 _j070911120701781 _d2000-12-21 _cCH |
||
| 999 |
_c30136 _d30136 |
||